000 00944cab a2200265 4500
001 ABS51557
008 090401t1994 xxu||||| |||| 00| 0 eng d
035 _a(Sirsi) u33245
041 _aeng
245 _aStaking out the battleground over the future of landfill
260 _c1994
350 _a0
490 _aENDS Report
_v(236) September 1994, 17-20(4)
520 _aSets out competing approaches to the management of biodegradable waste as adopted in the UK, Europe and the USA. Debate centres on whether or not pre-treatment of landfill waste should be aimed for rather than allow bioreative decomposition in situ.
650 _aBIODEGRADEABLE WASTE
650 _aBIOREACTOR LANDFILLS
650 _aBIOREACTORS
650 _aLANDFILL
650 _aSTABILISATION
650 _aWASTE DISPOSAL
650 _aWASTE MANAGEMENT PAPER 26
690 _aENVIRONMENTAL AND LAND CONSULTANCY
942 _n0
948 _c04/03/1997
999 _c22221
_d22221